Sports Quiz

Random Sports or NBA Quiz
Score 0/10 Timer 10:00
0 Plays Today
Question Answer Wrong Answers
What is the jersey number of LeBron James? 23
100%
65
0%
21
0%
69
0%
What is the jersey number of Michael Jordan? 23
99%
32
0%
45
1%
13
0%
What is the jersey number of Kevin Durant? 35
97%
53
2%
45
1%
25
0%
What is the jersey number of Trae Young? 11
91.1%
87
2%
65
2%
43
5%
What is the jersey number of Jeremy Lin? 7
82.2%
26
2%
19
10.9%
25
5%
What is the jersey number of Kemba Walker? 15
77.2%
12
8.9%
2
6.9%
5
6.9%
What is the jersey number of Bojan Bogdanović? 44
75.2%
53
5.9%
8
8.9%
2
9.9%
What is the jersey number of Boban Marjanovic? 51
67.3%
15
14.9%
63
7.9%
39
9.9%
What is the jersey number of Dario Šarić? 36
65.3%
63
14.9%
23
7.9%
91
11.9%
What is the jersey number of Tyler Dorsey? 2
33.7%
19
20.8%
27
27.7%
40
17.8%
Remove Ads.
Support Sporcle.
Get the best of Sporcle when you Go Orange. This ad-free experience offers more features, more stats, and more fun while also helping to support Sporcle. Thank you for becoming a member.

You're not logged in!

Compare scores with friends on all Sporcle quizzes.
OR
Log In

Show Comments

Extras

Created Dec 11, 2018ReportNominate
Tags:NBA Quiz, NBA Player, Player

Top Quizzes Today


Score Distribution

Your Account Isn't Verified!

In order to create a playlist on Sporcle, you need to verify the email address you used during registration. Go to your Sporcle Settings to finish the process.

Report this User

Report this user for behavior that violates our Community Guidelines.

Details: